000 00641nam a2200277Ia 4500
005 20260324130458.0
008 008 260324s9999 xx 000 0 eng d
020 _a9780080489025
037 _aEBOOK
040 _aCRL
040 _beng
040 _cCRL
041 _2eng
041 _aeng
084 _qCRL
100 _aIan Bentley; Georgia Butina-Watson
_91181938
245 0 _aIdentity by Design
260 _bTaylor and Francis
260 _c2007
365 _a
365 _b230
856 _uhttp://www.taylorfrancis.com/books/9780080489025
942 _cEBOOK
999 _c1778136
_d1778136